| 000 | 01704nam a2200433 i 4500 | ||
|---|---|---|---|
| 001 | 122474 | ||
| 003 | FINmELB | ||
| 005 | 20241217175432.0 | ||
| 006 | m o d | | ||
| 007 | cr cnu|||||||| | ||
| 008 | 230626s2023 ck ob 001 0 spa d | ||
| 020 |
_a9789587466089 _q(print) |
||
| 020 |
_a9789587466096 _q(e-book) |
||
| 035 | _a(OCoLC)1390973187 | ||
| 040 |
_aFINmELB _bspa _erda _cFINmELB |
||
| 050 | 4 |
_aQA9.M3 _bT591 2023 |
|
| 080 | _a510.6 | ||
| 082 | 0 | 4 |
_a511.3 _223 |
| 100 | 1 |
_aTinoco del Valle, Jesús Antonio, _eautor. |
|
| 245 | 1 | 0 |
_aIntroducción a la lógica matemática / _cJesús Tinoco del Valle, Eric Hernández Sastoque, Edgardo Escorcia Caballero. |
| 264 | 1 |
_aSanta Marta : _bEditorial Unimagdalena, _c2023. |
|
| 300 | _a1 recurso en línea (228 páginas) | ||
| 336 |
_atexto _btxt _2rdacontent/spa |
||
| 337 |
_acomputadora _bc _2rdamedia/spa |
||
| 338 |
_arecurso en línea _bcr _2rdacarrier/spa |
||
| 490 | 1 | _aCiencias Naturales ; Matemáticas | |
| 500 | _aIncluye índice. | ||
| 504 | _aIncluye bibliografía. | ||
| 588 | _aDescripción basada en metadatos suministrados por el editor y otras fuentes. | ||
| 590 | _aRecurso electrónico. Santa Fe, Arg.: elibro, 2023. Disponible vía World Wide Web. El acceso puede estar limitado para las bibliotecas afiliadas a elibro. | ||
| 650 | 4 |
_aLógica matemática _xEnseñanza. |
|
| 650 | 4 | _aTeoría de la demostración. | |
| 655 | 4 | _aLibros electrónicos. | |
| 700 | 1 |
_aHernández Sastoque, Eric, _eautor. |
|
| 700 | 1 |
_aEscorcia Caballero, Edgardo, _eautor. |
|
| 797 | 2 | _aelibro, Corp. | |
| 830 | 0 | _aCiencias Naturales ; Matemáticas. | |
| 856 | 4 | 0 | _uhttps://elibro.net/ereader/politecnicointernacional/231072 |
| 999 |
_c122474 _d122474 |
||